It looks like you're offline.
Open Library logo
additional options menu

MARC record from Internet Archive

LEADER: 00833cam 22002290a 4500
008 881003s1916 enk eng d
010 $a17000153
035 $a(Sirsi) AZW-2755
035 00 $iMARION/AKF-3891/KEEPING
040 $aCaOTSM$beng
046 $aDLC$cCaOTV$dCaOTSM
050 0 $aPR4967$b.P5 1916
090 $aPR 4967 .P5 1916$bSMC
100 10 $aMacDonald, George,$d1824-1905.
245 10 $aPhantastes :$ba faerie romance /$cby George Mac Donald ; [with a preface by Greville Macdonald].
260 0 $aLondon :$bDent ;$aNew York :$bDutton,$c[1916].
490 00 $aEveryman's library. For young people
504 $aIncludes bibliographical references (p. x).
596 $a31
700 11 $aMacdonald, Greville,$d1856-1944.
948 $a09/08/1998$b09/08/1998
926 $aSTMICHAELS$bCHECKEDOUT$cPR4967 .P5 1916 SMC$dBOOK$e7/4/2008$f1